| 000 | 00451nam a2200157Ia 4500 | ||
|---|---|---|---|
| 005 | 20240607053531.0 | ||
| 008 | 240331s9999 xx 000 0 und d | ||
| 082 |
_a6420 _bWEE |
||
| 100 | _aWeermunda,A.J | ||
| 245 | 2 |
_aA study of child labour in selectedSAARC countries : _bissues and challenge |
|
| 260 |
_aDehiwala _bBATU SAARC Sub Regional Secretariat _c1999 |
||
| 300 | _a52 p., | ||
| 650 | _aChildren | ||
| 650 | _aChildren Labour | ||
| 942 | _cL | ||
| 999 |
_c4759 _d4759 |
||